Petites villes françaises en images (2) - Statistiques

Statistiques générales
  • Ce quiz a été pris 27 fois
  • Le résultat moyen est 5 sur 12
Statistiques - réponses
Par images Hint Réponse % Correct
76 Etretat
82%
46 Rocamadour
77%
87 Oradour-sur-Glane
64%
50 Le Mont-Saint-Michel
59%
64 Espelette
55%
62 Le Touquet-Paris-Plage
32%
88 Vittel
32%
63 Saint-Nectaire
27%
71 Cluny
23%
73 Courchevel
23%
68 Eguisheim
23%
89 Vézelay
23%
Aucun quiz correspondant
Distribution des résultats
% des personnes avec chaque résultat
Percentile par nombre de réponses
Votre historique - résultats
Vous n’avez pas pris ce quiz